ا فسانے ا پنے پراۓ / (Record no. 173030)

MARC details
000 -LEADER
fixed length control field 00847nam a22002177a 4500
005 - DATE AND TIME OF LATEST TRANSACTION
control field 20200318122102.0
010 ## - LCCN (DPL NO)
LC control number B-80716
020 ## - INTERNATIONAL STANDARD BOOK NUMBER
Terms of availability 80.00
International Standard Book Number 8187667834
035 ## - SYSTEM CONTROL NUMBER
System control number B-80716
037 ## - SOURCE OF ACQUISITION
Source of stock number/acquisition BPPD/Ven.
082 ## - DEWEY DECIMAL CLASSIFICATION NUMBER
Classification number ک
100 ## - MAIN ENTRY--PERSONAL NAME
Personal name کد ا ر نا تھ شر ما
245 ## - TITLE STATEMENT
Title ا فسانے ا پنے پراۓ /
Statement of responsibility, etc کدار ناتھ شرما
246 ## - VARYING FORM OF TITLE
Title proper/short title Afsane Apne Paraye /
Remainder of title by Kidar Nath Sharma
260 ## - PUBLICATION, DISTRIBUTION, ETC. (IMPRINT)
Place of publication, distribution, etc Delhi
Date of publication, distribution, etc 2003
Name of publisher, distributor, etc Educational publishing House
270 ## - ADDRESS
Address 3108,Vakil Street,Kucha Pandit, Lal kuan,
City Delhi
Postal code -
Telephone number -
300 ## - PHYSICAL DESCRIPTION
Extent 96 ص
Dimensions 22 Cm (Hb)
942 ## - ADDED ENTRY ELEMENTS (KOHA)
Source of classification or shelving scheme Dewey Decimal Classification
Item type Urdu Bks
Classification part ک
Call number suffix ش ر م
Holdings
Withdrawn status Lost status Not for loan Collection code Home library Current library Date acquired Source of acquisition Cost, normal purchase price Full call number Barcode Copy number Cost, replacement price Koha item type
      Fiction Central Library Central Library 17/02/2020 BPPD/Ven. 80.00 ک ش ر م B-80716 1 80.00 Urdu Bks

© Delhi Public Library
Hit Counter
free hit counter